10 largest cities in China - Statistics

General Stats
  • This quiz has been taken 54 times
  • The average score is 7 of 10
Answer Stats
Population(in mio) Answer % Correct
21,91 Shanghai
100%
16,1 Guangzhou
86%
10,39 Wuhan
86%
9,9 Xi‘an
81%
18,96 Beijing
76%
17,49 Shenzhen
71%
13,57 Chengdu
69%
11,05 Tianjin
67%
9,64 Dongguan
14%
9,58 Chongqding
0%
No matching quizzes found
Score Distribution
Percent of People with Each Score
Percentile by Number Answered
Your Score History
You have not taken this quiz